00528nam a2200181Ia 450000500170000000800410001702000150005808200130007324500230008626000330010930000160014265000220015865000270018070000190020794200060022695200990023299900150033120250313100853.0240331s9999 xx 000 0 und d a8177200224 bDANa894 0aDaniel kadithangal aPuthanathambAdaiyalamc2003 a192 p .,  aThalith Community athesiya ina pirachanai aMarx, A. eedt cL 001040708LaWERCLbWERCLcSSCd2024-03-31l0o 894.811 DANp1984r2024-03-31w2024-03-31yL c3970d3970